San Martín libertador de Chile i El Perú

Збережено в:
Бібліографічні деталі
Автор: Cortés, José Domingo (Автор)
Формат: Книга
Мова:Іспанська
Опубліковано: París Librería Española de E. Denné Schmitz 1875
Редагування:1a. ed
Предмети:
Теги: Додати тег
Немає тегів, Будьте першим, хто поставить тег для цього запису!

MARC

LEADER 00000nam a2200000 a 4500
001 UCJ4074
003 CL-VaPUC
008 070124e18750000FR |||||||||||||||||spa|d
082 0 4 |a 923  |b SAN  |2 21 
100 0 |a Cortés, José Domingo  |e author  |9 506943 
245 1 0 |a San Martín libertador de Chile i El Perú 
250 |a 1a. ed 
300 |a 72 p 
942 |c BK 
945 |d 20070124 00:00:00  |a rinostro 
260 |a París  |b Librería Española de E. Denné Schmitz  |c 1875 
600 0 7 |a RODRIGUEZ VELASCO, LUIS  |2 CL-VaPUC  |9 506013 
600 0 7 |a ARTEAGA ALEMPARTE, DOMINGO  |2 CL-VaPUC  |9 506651 
600 0 |a Matta Goyenechea, Guillermo,  |d 1829-1899  |9 512817 
600 0 |a Lillo, Eusebio,  |d 1826-1910  |9 504958 
600 0 |a Irisarri, Hermógenes de   |d 1819-1886  |9 506000 
600 0 7 |a SAN MARTIN, JOSE DE  |2 CL-VaPUC  |9 506944 
650 7 |a BIOGRAFIA  |2 CL-VaPUC  |9 504622 
650 0 |a Independencia de américa  |9 447064 
650 0 |a Poesía   |9 265825 
650 7 |a HOMENAJE  |2 CL-VaPUC  |9 333787 
583 |a last modification  |c 20070124 00:00:00  |k Rodrigo Vera 
999 |c 320191  |d 320189 
952 |0 0  |1 0  |4 0  |6 923_000000000000000_SAN_1875  |7 0  |8 X  |9 398667  |a FDOBUD  |b FDOBUD  |d 2019-11-22  |i 1012975  |o 923 SAN 1875  |p 1012975  |r 2019-11-22  |w 2019-11-22  |y BK_X  |k BUD